Vista normal Vista MARC

Entrada Materia (personas)

Número de registros utilizados en: 2

001 - CONTROL NUMBER

  • control field: 61589

003 - CONTROL NUMBER IDENTIFIER

  • control field: Co-BoUCM

005 - DATE AND TIME OF LATEST TRANSACTION

  • control field: 20140522154237.0

008 - FIXED-LENGTH DATA ELEMENTS

  • fixed length control field: 140522|| aca||aabn | a|a d

040 ## - CATALOGING SOURCE

  • Original cataloging agency: Co-BoUCM
  • Transcribing agency: Co-BoUCM

100 ## - HEADING--PERSONAL NAME

  • Personal name: Barbazia, Alejandro de

670 ## - SOURCE DATA FOUND

  • Source citation: Work cat.: (Co-BoUCM)0: Bartolo, of Sassoferrato, 1313-1357. 61546, Bartoli a Saxoferrato in Primam [-secunda] Digesti Veteris Partem Commentaria. , 1577.